000 00458cam a22001934a 4500
005 20250605164255.0
008 250528s ||||||||||||||||||||||||d
035 _a21887
020 _a9780072225631
040 _aGR-AtMCL
_bgre
_dGR-AtMCL
_eAACR2
245 1 _aNETWORKING: A BEGINNER'S GUIDE
250 _a3
260 _bMcgraw Hill,
_c2003
300 _a491
700 1 _aHallberg Bruce A
_97782
942 _cBK
999 _c6945
_d6945